| 000 | 003890000a22001570004500 | ||
|---|---|---|---|
| 003 | MACL | ||
| 040 | _aMACL | ||
| 090 |
_c46380 _d46378 |
||
| 100 | _aparragon | ||
| 245 |
_aThe Children's Encyclopedia of Oceans _bBegin to discover the amazing underwater world |
||
| 260 |
_bparragon _c2008 |
||
| 350 | _a395 | ||
| 650 | _aChildren Book | ||
| 942 |
_cBOOK _k741.642 |
||
| 951 | _o741.642 BOOK | ||
| 999 |
_c45895 _d45895 |
||